000 00727nam a2200241Ia 4500
003 GCL
008 140319s9999 xx 000 0 aFre d
040 _aGCL /
_cGCL
082 0 4 _aCC
_b722.2
_bE C
100 1 _aGOLVIN, JEAN CLAUDE
245 1 0 _aLE CAMP ROMAIN DE LOUQSOR: AVEC UNE E'TUDE DES GRAFFITES GRECO - ROMAINS DU TEMPLE D'AMON /
_cGOLVIN, JEAN CLAUDE
700 1 _aEL-SAGHIR, MOHAMMED
260 _a[S.N] :
_bINSTITUT FRANCAIS D'ARCHEOLOGIE ORIENTAL ،
_c1986
300 _a125
650 0 4 _aARCHITECTURE, ANCIENT
650 0 4 _aARCHITECTURE
650 0 4 _aTEMPLES
650 0 4 _aANCIENT EGYPTIAN
650 0 4 _aANCIENT ARTS
650 0 4 _aARCHITECTURE, LUXOR
650 0 4 _aAMOUN - TEMPLE
942 _2ddc
_cBK
999 _c15598
_d15598